000 00473nam a2200181Ia 4500
005 20250326123658.0
008 250326s9999 xx 000 0 und d
037 _aTextbook
040 _aFMSL
_beng
_cFMSL
041 _aeng
_2eng
084 _aX8(J) N4
_qFMSL
100 _aMittal D K
245 0 _aFertiliser industry
_cMittal D K
260 _aNew Delhi
_bNew Delhi, Anmol
_c1994
300 _a515p
942 _cTB
_hX8(J) N4
999 _c1270463
_d1270463